Compendio de geografía general
Αποθηκεύτηκε σε:
| Κύριοι συγγραφείς: | , |
|---|---|
| Μορφή: | Βιβλίο |
| Γλώσσα: | Ισπανικά |
| Έκδοση: |
Madrid
Rialp
1973
|
| Έκδοση: | 8a. ed |
| Θέματα: | |
| Ετικέτες: |
Προσθήκη ετικέτας
Δεν υπάρχουν, Καταχωρήστε ετικέτα πρώτοι!
|
MARC
| LEADER | 00000nam a2200000 a 4500 | ||
|---|---|---|---|
| 001 | UCU8574 | ||
| 003 | CL-VaPUC | ||
| 008 | 960726e19730000SP |||||||||||||||||spa|d | ||
| 082 | 0 | 4 | |a 910 |b GOU |2 21 |
| 100 | |a Gourou, Pierre |e author |9 573635 | ||
| 700 | 0 | |a Papy, L |e author |9 367856 | |
| 245 | 1 | 0 | |a Compendio de geografía general |
| 250 | |a 8a. ed | ||
| 300 | |a 309 p | ||
| 942 | |c BK | ||
| 945 | |d 19960726 00:00:00 |a paguirre | ||
| 260 | |a Madrid |b Rialp |c 1973 | ||
| 650 | 0 | |a Geografía |9 259346 | |
| 650 | 0 | |a Ciencias de la tierra |9 261541 | |
| 650 | 0 | |a Océanos |9 344473 | |
| 650 | 0 | |a Atmósferas |9 359088 | |
| 650 | 7 | |a TEMPERATURAS |2 CL-VaPUC |9 367857 | |
| 650 | 0 | |a Clima |9 265281 | |
| 650 | 0 | |a Geografía humana |9 267193 | |
| 583 | |a last modification |c 19960726 00:00:00 |k Rodrigo Vera | ||
| 999 | |c 250855 |d 250853 | ||
| 952 | |0 0 |1 0 |4 0 |6 910_000000000000000_GOU_1973 |7 0 |8 A |9 269540 |a BIBING |b BIBING |d 2019-11-19 |i 1719629 |o 910 GOU 1973 |p 1719629 |r 2025-01-20 |w 2019-11-19 |y BK |k GEO | ||
| 952 | |0 0 |1 0 |4 0 |6 910_000000000000000_GOU_1973 |7 0 |8 A |9 269541 |a BIBING |b BIBING |d 2019-11-19 |i 171967K |o 910 GOU 1973 |p 171967K |r 2025-01-20 |w 2019-11-19 |y BK |k GEO | ||